000
00276nam a22001097a 4500
041
_a
ENG
100
_a
Hallaj.S.A
245
_a
Hybrid Hydrogen Systems Stationary And Transportation Applications
260
_a
Delhi
_b
Springer
_c
2011
650
_a
EOES
856
_u
EOES ( 11 )
999
_c
1184
_d
1184